| 000 | 01223nam a2200193 4500 | ||
|---|---|---|---|
| 005 | 20260410094417.0 | ||
| 008 | 260410b |||||||| |||| 00| 0 eng d | ||
| 020 | _a9781041035619 | ||
| 037 | _cTextual | ||
| 040 |
_aRTL _cRTL |
||
| 084 | _qRTL | ||
| 100 |
_aJain, Seema _91234580 |
||
| 245 | _aPopulation census in India: A futuristic perspective | ||
| 260 |
_aLondon _bRoutledge _c2025 |
||
| 300 |
_axiii, 182 p. _bIncludes bibliographical reference and index |
||
| 520 | _aThe population census serves as the primary data source for demographic analysis, the implementation of social and economic development programmes, administrative activities, and policy decisions, as well as for special surveys and scientific research. This book critically examines key aspects of pre-census activity, including its timing, duration, and method of enumeration. It traces the concepts and definitions adopted by the Census of India since its inception in 1872. The authors explore topics such as census legislation, organisation, administrative structures, training strategies, the instruction manual, and the impact of COVID-19 on the census process. | ||
| 700 |
_aShyam, Madhav _eCo-author _91234581 |
||
| 942 |
_2CC _n0 _cTB |
||
| 999 |
_c1848186 _d1848186 |
||